000 00355nam a2200157Ia 4500
008 210210b1928 xxu||||| |||| 00| 0 eng d
041 _aeng
082 _a330/37
100 _aBOYLE (J E)
245 _aAgricultural economics
260 _aLondon
_b-
_c1928
650 _aeconomics
650 _aAgricultural
690 _aEconomics
906 _a003440
999 _c118670
_d118670